Score 0/26 Timer 06:00
0 Plays Today
Hint Person % Correct
Inventor famous for inventions such as the metal detector and the telephoneAlexander Graham Bell
89.6%
King of Macedonia who reigned from 336-323 BCAlexander the Great
78%
New York Yankee third baseman (04-Present)Alex Rodriguez
69.9%
Sometimes mustachioed game show host despised by Sean ConneryAlex Trebek
64.3%
Ex-husband of Kim BasingerAlec Baldwin
59.5%
George CostanzaJason Alexander
55.4%
The first United States Secretary of the TreasuryAlexander Hamilton
54.2%
French author of The Count of Monte Cristo and The Three MusketeersAlexandre Dumas
50.6%
English author of Winnie-the-Pooh whose son inspired the character Christopher RobinA. A. (Alan Alexander) Milne
50%
Transgendered actress and sibling of Rosanna, David, Richmond, and PatriciaAlexis Arquette
49.7%
Fictional Young Republican portrayed by Michael J. FoxAlex P. Keaton
47.6%
Daughter of Christie Brinkley and the ''Piano Man''Alexa Ray Joel
43.2%
Oscar winning English actor, portrayed Obi-Wan Kenobi in the original Star Wars trilogySir Alec Guinness
40.8%
Hint Person % Correct
Actress who grew to stardom playing Rory Gilmore on the TV series Gilmore GirlsAlexis Bledel
36%
Drummer of the band whose hits include ''Hot for Teacher'' and ''Jump''Alex Van Halen
33%
Scientist known for discovering penicillinSir Alexander Fleming
30.7%
Kal-el's NemesisLex Luthor
29.8%
Author of the novel Roots: The Saga of an American FamilyAlex Haley
28.9%
Actress best known for playing Carmen Cortez in the Spy Kids filmsAlexa Vega
22.3%
James Patterson's fictional detective in novels such as Along Came a SpiderAlex Cross
19.9%
The voice of Lois Griffin on Family Guy, she is also known for her roles on MADtvAlex Borstein
18.5%
Malcolm McDowell's psychopathic character in A Clockwork OrangeAlex DeLarge
15.5%
18th century English poet best known for his Essay on CriticismAlexander Pope
13.4%
Russian author and poet often credited with the development of Russian literature, known for works such as Eugene OneginAleksandr Pushkin
11.3%
Sculptor famous for inventing the mobileAlexander Calder
8.3%
American figure skating 2006 Silver MedalistSasha Cohen
4.8%
Remove Ads.
Support Sporcle.
Get the best of Sporcle when you Go Orange. This ad-free experience offers more features, more stats, and more fun while also helping to support Sporcle. Thank you for becoming a member.

You're not logged in!

Compare scores with friends on all Sporcle quizzes.
OR
Log In

Show Comments

Extras

Top Quizzes Today


Score Distribution

Your Account Isn't Verified!

In order to create a playlist on Sporcle, you need to verify the email address you used during registration. Go to your Sporcle Settings to finish the process.

Report this User

Report this user for behavior that violates our Community Guidelines.

Details: